<?xml version="1.0" encoding="UTF-8"?>
<record
    xmlns:xsi="http://www.w3.org/2001/XMLSchema-instance"
    xsi:schemaLocation="http://www.loc.gov/MARC21/slim http://www.loc.gov/standards/marcxml/schema/MARC21slim.xsd"
    xmlns="http://www.loc.gov/MARC21/slim">

  <leader>00701nam a22001337a 4500</leader>
  <datafield tag="040" ind1=" " ind2=" ">
    <subfield code="c">RUA</subfield>
  </datafield>
  <datafield tag="082" ind1=" " ind2=" ">
    <subfield code="a">AVM PRO 2018 B649 Or.1</subfield>
  </datafield>
  <datafield tag="100" ind1=" " ind2=" ">
    <subfield code="a">PROEUNG VANNIT &#x1796;&#x17D2;&#x179A;&#x17BF;&#x1784; &#x179C;&#x178E;&#x17D2;&#x178E;&#x1793;&#x17B7;&#x178F;</subfield>
  </datafield>
  <datafield tag="245" ind1=" " ind2=" ">
    <subfield code="a">presence of bacteria in loal chicken meat in market at kandal steung sistrict, kandal province &#x179C;&#x178F;&#x17D2;&#x178F;&#x1798;&#x17B6;&#x1793;&#x1794;&#x17B6;&#x1780;&#x17CB;&#x178F;&#x17C1;&#x179A;&#x17B8;&#x1780;&#x17D2;&#x1793;&#x17BB;&#x1784;&#x179F;&#x17B6;&#x1785;&#x17CB;&#x1798;&#x17B6;&#x1793;&#x17CB;&#x179F;&#x17D2;&#x179A;&#x17BB;&#x1780;&#x179B;&#x17BE;&#x1791;&#x17B8;&#x1795;&#x17D2;&#x179F;&#x17B6;&#x179A;&#x200B;&#x179F;&#x17D2;&#x179A;&#x17BB;&#x1780;&#x1780;&#x178E;&#x17D2;&#x178F;&#x17B6;&#x179B;&#x179F;&#x17D2;&#x1791;&#x17B9;&#x1784; &#x1781;&#x17C1;&#x178F;&#x17D2;&#x178F;&#x1780;&#x178E;&#x17D2;&#x178F;&#x17B6;&#x179B;&#x200B;</subfield>
  </datafield>
  <datafield tag="260" ind1=" " ind2=" ">
    <subfield code="a">RUA</subfield>
    <subfield code="b">Phnom penh</subfield>
    <subfield code="c">2018</subfield>
  </datafield>
  <datafield tag="300" ind1=" " ind2=" ">
    <subfield code="a">ix;32p</subfield>
    <subfield code="b">ill;</subfield>
    <subfield code="c">29cm</subfield>
  </datafield>
  <datafield tag="856" ind1=" " ind2=" ">
    <subfield code="u">https://drive.google.com/file/d/1bYaqYcB32LKWymON6VnaUZcyWl6bYsTl/view?usp=sharing</subfield>
  </datafield>
  <datafield tag="942" ind1=" " ind2=" ">
    <subfield code="c">AVM</subfield>
  </datafield>
  <datafield tag="999" ind1=" " ind2=" ">
    <subfield code="c">18333</subfield>
    <subfield code="d">18333</subfield>
  </datafield>
  <datafield tag="952" ind1=" " ind2=" ">
    <subfield code="0">0</subfield>
    <subfield code="1">0</subfield>
    <subfield code="2">ddc</subfield>
    <subfield code="4">0</subfield>
    <subfield code="6">AVM_PRO_2018_000000000000000_B649_OR_1</subfield>
    <subfield code="7">0</subfield>
    <subfield code="9">82136</subfield>
    <subfield code="a">LBB</subfield>
    <subfield code="b">LBB</subfield>
    <subfield code="d">2019-10-28</subfield>
    <subfield code="l">3</subfield>
    <subfield code="o">AVM PRO 2018 B649 Or.1</subfield>
    <subfield code="p">A42557</subfield>
    <subfield code="r">2020-06-02</subfield>
    <subfield code="s">2020-05-15</subfield>
    <subfield code="w">2019-10-28</subfield>
    <subfield code="y">AVM</subfield>
  </datafield>
  <datafield tag="952" ind1=" " ind2=" ">
    <subfield code="0">0</subfield>
    <subfield code="1">0</subfield>
    <subfield code="2">ddc</subfield>
    <subfield code="4">0</subfield>
    <subfield code="6">AVM_PRO_2018_000000000000000_B649_OR_2</subfield>
    <subfield code="7">0</subfield>
    <subfield code="9">82137</subfield>
    <subfield code="a">LBB</subfield>
    <subfield code="b">LBB</subfield>
    <subfield code="d">2019-10-28</subfield>
    <subfield code="o">AVM PRO 2018 B649 Or.2</subfield>
    <subfield code="p">A44180</subfield>
    <subfield code="r">2019-10-28</subfield>
    <subfield code="w">2019-10-28</subfield>
    <subfield code="y">AVM</subfield>
  </datafield>
  <datafield tag="952" ind1=" " ind2=" ">
    <subfield code="0">0</subfield>
    <subfield code="1">0</subfield>
    <subfield code="2">ddc</subfield>
    <subfield code="4">0</subfield>
    <subfield code="6">AVM_PRO_2018_000000000000000_B649_OR_3</subfield>
    <subfield code="7">0</subfield>
    <subfield code="9">82138</subfield>
    <subfield code="a">LBB</subfield>
    <subfield code="b">LBB</subfield>
    <subfield code="d">2019-10-28</subfield>
    <subfield code="l">1</subfield>
    <subfield code="o">AVM PRO 2018 B649 Or.3</subfield>
    <subfield code="p">A43994</subfield>
    <subfield code="r">2020-07-24</subfield>
    <subfield code="s">2020-07-03</subfield>
    <subfield code="w">2019-10-28</subfield>
    <subfield code="y">AVM</subfield>
  </datafield>
  <datafield tag="952" ind1=" " ind2=" ">
    <subfield code="0">0</subfield>
    <subfield code="1">0</subfield>
    <subfield code="2">ddc</subfield>
    <subfield code="4">0</subfield>
    <subfield code="6">AVM_PRO_2018_000000000000000_B649_OR_4</subfield>
    <subfield code="7">0</subfield>
    <subfield code="9">82139</subfield>
    <subfield code="a">LBB</subfield>
    <subfield code="b">LBB</subfield>
    <subfield code="d">2019-10-28</subfield>
    <subfield code="l">4</subfield>
    <subfield code="o">AVM PRO 2018 B649 Or.4</subfield>
    <subfield code="p">A44049</subfield>
    <subfield code="r">2024-07-15</subfield>
    <subfield code="s">2024-07-15</subfield>
    <subfield code="w">2019-10-28</subfield>
    <subfield code="y">AVM</subfield>
  </datafield>
  <datafield tag="952" ind1=" " ind2=" ">
    <subfield code="0">0</subfield>
    <subfield code="1">0</subfield>
    <subfield code="2">ddc</subfield>
    <subfield code="4">0</subfield>
    <subfield code="6">AVM_PRO_2018_000000000000000_B649_OR_5</subfield>
    <subfield code="7">0</subfield>
    <subfield code="9">82140</subfield>
    <subfield code="a">LBB</subfield>
    <subfield code="b">LBB</subfield>
    <subfield code="d">2019-10-28</subfield>
    <subfield code="l">1</subfield>
    <subfield code="o">AVM PRO 2018 B649 Or.5</subfield>
    <subfield code="p">A43655</subfield>
    <subfield code="r">2023-11-10</subfield>
    <subfield code="s">2023-10-02</subfield>
    <subfield code="w">2019-10-28</subfield>
    <subfield code="y">AVM</subfield>
  </datafield>
  <datafield tag="952" ind1=" " ind2=" ">
    <subfield code="0">0</subfield>
    <subfield code="1">0</subfield>
    <subfield code="2">ddc</subfield>
    <subfield code="4">0</subfield>
    <subfield code="6">AVM_PRO_2018_000000000000000_B649_OR_6</subfield>
    <subfield code="7">0</subfield>
    <subfield code="9">82141</subfield>
    <subfield code="a">LBB</subfield>
    <subfield code="b">LBB</subfield>
    <subfield code="d">2019-10-28</subfield>
    <subfield code="l">4</subfield>
    <subfield code="o">AVM PRO 2018 B649 Or.6</subfield>
    <subfield code="p">A42999</subfield>
    <subfield code="r">2024-12-28</subfield>
    <subfield code="s">2024-11-26</subfield>
    <subfield code="w">2019-10-28</subfield>
    <subfield code="y">AVM</subfield>
  </datafield>
</record>
